MDQL
is popping MORE tags! Check the
thread
!
Quizzes
Events
Quiz Creation
Community
Videos
Private Events
Remove Ads
Sign In
Join for FREE
Feedback
Dark Mode
Quiz Categories
Sports
Geography
Music
Movies
Television
Just For Fun
Miscellaneous
History
Literature
Language
Science
Gaming
Entertainment
Religion
Holiday
For Kids
Quiz Lab
Recent
Popular Today
Quiz Kudos Today
Editor Picks
Curator Picks
Quizzes by...
Day
Popularity
Type
Ratings
Length
Year
Community
Subscriptions
Recent Discussions
Orange Saloon
Badges
Playlists
Quests
Create
Leaderboards
Showdown
Live 5
Trivia Bingo
Activity
Puzzle Library
Sporcle Events
Private Events
Virtual Trivia
Globe League
Become a Host
Pub Owners
SporcleCon
Opinionation
Our Games
Videos
Blog
Mobile Apps
Partnerships
Remove Ads and Go Orange
Feedback
Geography
Country
Landmarks
City
State
Population
World
Capital
Continent
Flags
Europe
Africa
Asia
South America
North America
Oceania
Border
Canada
United Kingdom
Topography
United States
Geography
Country
Landmarks
City
State
Population
World
Capital
Continent
Flags
Europe
Africa
Asia
South America
North America
Oceania
Border
Canada
United Kingdom
Topography
United States
Random Quiz
Search Sporcle
×
Quiz Lab
Quiz Lab
Geography
Netherlands
Type answers that appear on an image
Type answers that appear on an image
Map
Best Score? Go Orange.
Dutch Municipalities: Gelderland (Map) Stats
Can you name the municipalities in the Dutch province of Gelderland
By
Tirius
15m
54 Questions
599 Plays
599 Plays
599 Plays
Comments
Comments
Give Quiz Kudos
Give Quiz Kudos
-
- Ratings
hide this ad
More Info
Replay
Link that replays current quiz
Next Quiz
Link to next quiz in quiz playlist
You Got
0%
They Got
Avg Score
61%
Avg Friend Score
Upgrade to see
Score Distribution
Jump to the score distribution portion of the page
Score
0/54
Timer
15:00
0
Plays Today
% Correct
Arnhem
95.5%
Apeldoorn
93.6%
Ede
89.1%
Winterswijk
87.5%
Doetinchem
85.2%
Wageningen
84.7%
Zutphen
84.2%
Tiel
84%
Nijmegen
83%
Harderwijk
82.5%
Zevenaar
73.2%
Barneveld
72.7%
Epe
72.2%
Nunspeet
71.9%
Culemborg
69.4%
Putten
69.4%
Nijkerk
69.2%
Ermelo
68.4%
Wijchen
67.8%
Aalten
65.7%
Hattem
64%
Duiven
63.6%
Groesbeek
63.3%
Geldermalsen
63.1%
Zaltbommel
63%
Overbetuwe
61.8%
Lochem
60.4%
% Correct
Bronckhorst
60.1%
Neder-Betuwe
59.6%
Rheden
59.4%
Lingewaard
58.6%
Doesburg
58.2%
Renkum
57.1%
Elburg
56.2%
Rozendaal
55.2%
Scherpenzeel
55.2%
Westervoort
54.9%
Voorst
53.4%
Oost Gelre
52.7%
Brummen
51.9%
Oude IJsselstreek
50.8%
Beuningen
49.2%
Montferland
48.1%
Heerde
47.3%
Oldebroek
46.6%
Buren
45.8%
Berkelland
45.8%
Druten
43.9%
West Maas en Waal
42.9%
Heumen
39.9%
Maasdriel
37.9%
Lingewaal
34%
Neerijnen
31.6%
Rijnwaarden
30.6%
Quiz Playlist
Details
Report
Send in Message
Add To Playlist
More Info:
Uses divisions as of january 2015.
Map:
Type answers that appear on an image
Quiz Source
Last Updated: Feb 16, 2017
Quiz Scoreboard
CHALLENGE
Sign Up to Join the Scoreboard
Show All
Scores
Hide
Comments
May contain spoilers
Recently Published
1-10 Letter E Words III
by El_Dandy
Language
2m
Street Fighter Characters
by Artimus82
Gaming
60s
College Basketball Coaching Resumes
by pancakes188
Sports
9m
More to Explore
Quiz From the Vault
Featured Blog Post
Where Did the Easter Bunny Come From?
hide this ad
You Might Also Like...
Tags
map
Municipality
Netherlands
Today's Top Quizzes in Geography
Browse Geography
hide this ad
Today's Top Quizzes in Netherlands
Browse Netherlands
Top Contributed Quizzes in Geography
1
Countries of the World - No Outlines Minefield
2
Top 25 Cities of France on a map
3
Any capital of a 'B' country per Continent
4
Any capital of a 'C' country per Continent
5
Closest Countries to UK A-Z
6
Any capital of a 'D' country per Continent
7
5-to-1: US Geography No Hints
8
Any capital of an 'E' country per Continent
9
Find the US States - No Outlines
10
Any capital of an 'F' country per Continent
Explore More
Trending Topics
Disney
Harry Potter
Anime
NBA
Marvel
Kpop
Crossword
The Office
Soccer
Pokémon
Puzzle
Country
NFL
Song
WWE
hide this ad
More By:
Tirius
Quiz
Plays
Rating
Category
Featured
Created
Dutch Municipalities: Gelderland (Map)
599
5.00
Geography
Jan 18, 2015
Dutch Municipalities: Limburg (Map)
528
5.00
Geography
Jan 18, 2015
Dutch Municipalities: Utrecht (Map)
416
5.00
Geography
Jan 18, 2015
Dutch Municipalities: South-Holland (Map)
370
5.00
Geography
Jan 19, 2015
Dutch Municipalities: Overijssel (Map)
330
5.00
Geography
Jan 19, 2015
Go to Creator's Profile
Score Distribution
Quiz Creator Spotlight
Tirius
Follow
Send a Message
Quizzes Created
-
Created Quiz Play Count
-
More By This Creator
Popular Quizzes Today
1
Find the US States - No Outlines Minefield
2
Find the Countries of Europe - No Outlines Minefield
3
The Countries of the World
4
Find the US States
5
Risky Map Clicking: Biggest States A-Z
6
US States
7
Popular People in 1961
8
Movies - When Are They Set?
More Geography Quizzes
Pacific Countries (Americas)
Published
Trending Quizzes
Risky Map Clicking: Least Populous States A-Z
1-10 Letter G Words
1-10 Letter F Words
Countries of the World: 200 Million BC
Risky Map Clicking: Next State Alphabetically
Recently Updated
Beyoncé Albums
pecheneg
Leaping Animals
pecheneg
Reality TV Shows (A-Z)
bhenderson79
Rickey Henderson's Hall of Fame Teammates
pecheneg
Champions League XIs: Arsenal
pecheneg
Quick Pick: Celebrities in WWE's Hall of Fame
aduchscher
A-Z Keypad Blitz II
pecheneg
Multiple Oscar Actors
pecheneg
Mystery Phrase Blitz: Oscar 'Best Actors'
pecheneg
F. Scott Fitzgerald Novels
LTH
Trending Topics
Kpop
Marvel
Anime
Harry Potter
Crossword
Disney
NBA
Country
Song
Pokémon
Soccer
WWE
NFL
The Office
Puzzle
Your Account Isn't Verified!
In order to create a playlist on Sporcle, you need to verify the email address you used during registration. Go to your
Sporcle Settings
to finish the process.
Report this User
Report this user for behavior that violates our
Community Guidelines
.
Details:
Send Report
Go to the Sporcle.com Mobile Site →
Comments